<?xml version="1.0" encoding="UTF-8"?><?xml-stylesheet type="text/xsl" href="static/style.xsl"?><OAI-PMH xmlns="http://www.openarchives.org/OAI/2.0/" xmlns:xsi="http://www.w3.org/2001/XMLSchema-instance" xsi:schemaLocation="http://www.openarchives.org/OAI/2.0/ http://www.openarchives.org/OAI/2.0/OAI-PMH.xsd"><responseDate>2026-06-05T17:22:06Z</responseDate><request verb="GetRecord" identifier="oai:riuma.uma.es:10630/31543" metadataPrefix="marc">https://riuma.uma.es/rest/oai/request</request><GetRecord><record><header><identifier>oai:riuma.uma.es:10630/31543</identifier><datestamp>2026-02-03T12:06:53Z</datestamp><setSpec>com_10630_2254</setSpec><setSpec>col_10630_37959</setSpec></header><metadata><record xmlns="http://www.loc.gov/MARC21/slim" xmlns:dcterms="http://purl.org/dc/terms/" xmlns:doc="http://www.lyncode.com/xoai" xmlns:xsi="http://www.w3.org/2001/XMLSchema-instance" xsi:schemaLocation="http://www.loc.gov/MARC21/slim http://www.loc.gov/standards/marcxml/schema/MARC21slim.xsd">
   <leader>00925njm 22002777a 4500</leader>
   <datafield ind2=" " ind1=" " tag="042">
      <subfield code="a">dc</subfield>
   </datafield>
   <datafield ind2=" " ind1=" " tag="720">
      <subfield code="a">Vallina, Diego</subfield>
      <subfield code="e">author</subfield>
   </datafield>
   <datafield ind2=" " ind1=" " tag="720">
      <subfield code="a">Rodríguez-Ruiz, María Dolores</subfield>
      <subfield code="e">author</subfield>
   </datafield>
   <datafield ind2=" " ind1=" " tag="720">
      <subfield code="a">Morales-Cantero, Alejandro</subfield>
      <subfield code="e">author</subfield>
   </datafield>
   <datafield ind2=" " ind1=" " tag="720">
      <subfield code="a">Santacruz-Cruz, María Isabel</subfield>
      <subfield code="e">author</subfield>
   </datafield>
   <datafield ind2=" " ind1=" " tag="720">
      <subfield code="a">Cuesta-García, Ana María</subfield>
      <subfield code="e">author</subfield>
   </datafield>
   <datafield ind2=" " ind1=" " tag="720">
      <subfield code="a">García-Aranda, Miguel Ángel</subfield>
      <subfield code="e">author</subfield>
   </datafield>
   <datafield ind2=" " ind1=" " tag="720">
      <subfield code="a">Gómez-de-la-Torre, María de los  Ángeles</subfield>
      <subfield code="e">author</subfield>
   </datafield>
   <datafield ind2=" " ind1=" " tag="260">
      <subfield code="c">2024</subfield>
   </datafield>
   <datafield ind2=" " ind1=" " tag="520">
      <subfield code="a">En este trabajo, se presenta una estrategia de caracterización de arcillas bentoníticas y su activación térmica para su uso como SCM en cementos de baja huella de carbono. &#xd;
Para ello, se presentará el estudio de dos esmectitas dioctaédricas de la American Clay Society, SWy-3 y SAu-1, para ser utilizadas como referencias y que han permitido establecer descriptores para activar bentonitas naturales. Los descriptores son: (i) el contenido de esmectita, (ii) la temperatura de calcinación adecuada donde se deshidroxile la fase esmectítica y se amorfice parcialmente, (iii) tras molienda a Dv,50 ~12 m, el límite superior de calor liberado en el test R3 de puzolanicidad [1] es 450-480 J/g. &#xd;
Gracias a estos descriptores, se han activado (calcinado y molido) bentonitas naturales y se han utilizado para preparar cementos de baja huella de carbono, tipo LC3, con un 52% en peso (%p) de cemento Portland 52.5R, 30%p de arcilla calcinada, 15%p de caliza y 3%p de yeso. Se prepararon pastas y morteros con relación agua/LC3 de 0.40. Se controló la fluidez de los morteros frescos con un aditivo superplastificante (MasterCO2re 3240)*, especialmente diseñado para mantener la trabajabilidad en las primeras horas de hidratación. Además, se ha utilizado un aditivo (Master X-Seed STE53)* basado en la tecnología “seeding” (usar partículas como semillas de gel C-S-H) para aumentar las resistencias mecánicas a edades tempranas. &#xd;
Los morteros preparados con estos LC3-bentoníticos desarrollaron resistencias mecánicas de ~12 y ~55 MPa a 1 y 28 días, respectivamente, valores comparables a morteros de LC3 de arcillas de bajo contenido en caolinita [2]. El uso de aditivos basados en la tecnología “seeding” ha supuesto un aumento de un ~60% en las resistencias mecánicas a 1 día.&#xd;
Se correlacionarán los resultados de calorimetría y difracción de rayos-X de las pastas preparadas con los resultados de resistencias mecánicas.</subfield>
   </datafield>
   <datafield ind1="8" ind2=" " tag="024">
      <subfield code="a">https://hdl.handle.net/10630/31543</subfield>
   </datafield>
   <datafield tag="653" ind2=" " ind1=" ">
      <subfield code="a">Cemento</subfield>
   </datafield>
   <datafield tag="653" ind2=" " ind1=" ">
      <subfield code="a">Arcilla</subfield>
   </datafield>
   <datafield tag="653" ind2=" " ind1=" ">
      <subfield code="a">Cemento - Industria - Aspectos ambientales</subfield>
   </datafield>
   <datafield ind2="0" ind1="0" tag="245">
      <subfield code="a">Cementos de baja huella de carbono con arcillas bentoníticas activadas.</subfield>
   </datafield>
</record>
</metadata></record></GetRecord></OAI-PMH>